[Event "Brno op"]
[Site "Brno"]
[Date "2022.11.17"]
[Round "6"]
[White "Olszewski, Antoni"]
[Black "Blazek, Pavel"]
[Result "1-0"]
[WhiteElo "1485"]
[BlackElo "1714"]
[PlyCount "55"]
[EventDate "2022.11.12"]
[EventType "swiss"]
[EventRounds "9"]
[EventCountry "CZE"]
[SourceTitle "CBM 211 Extra"]
[Source "ChessBase"]
[SourceDate "2023.01.31"]
[SourceVersion "1"]
[SourceVersionDate "2023.01.31"]
[SourceQuality "1"]

1. e4 Nf6 2. e5 Nd5 3. d4 d6 4. c4 Nb6 5. exd6 exd6 6. h3 Be7 7. Bd3 0-0 8. Nf3 Bf6 9. Qc2 h6 10. Be3 Re8 11. 0-0 Nc6 12. a3 d5 13. c5 Nd7 14. Nc3 Nxc5 15. dxc5 d4 16. Bh7+ Kh8 17. Rad1 Ne5 18. Nxd4 Bxh3 19. gxh3 g6 20. Bxg6 Rg8 21. Qf5 Rxg6+ 22. Kh1 Ng4 23. hxg4 Bxd4 24. Bxd4+ Kg8 25. Bf6 Qxf6 26. Qxf6 Rxf6 27. Kg2 b6 28. Nd5 1-0

[Event "Brno op"]
[Site "Brno"]
[Date "2022.11.12"]
[Round "1"]
[White "Blazek, Pavel"]
[Black "Glozar, Petr"]
[Result "0-1"]
[WhiteElo "1714"]
[BlackElo "2189"]
[PlyCount "110"]
[EventDate "2022.11.12"]
[EventType "swiss"]
[EventRounds "9"]
[EventCountry "CZE"]
[SourceTitle "CBM 211 Extra"]
[Source "ChessBase"]
[SourceDate "2023.01.31"]
[SourceVersion "1"]
[SourceVersionDate "2023.01.31"]
[SourceQuality "1"]

1. d4 Nf6 2. Bg5 Ne4 3. Bf4 d5 4. Nd2 Bf5 5. c3 e6 6. Qb3 b6 7. Nxe4 Bxe4 8. e3 Bd6 9. Bxd6 Qxd6 10. Ne2 0-0 11. Ng3 Bg6 12. Qd1 c5 13. Bd3 Nc6 14. Bxg6 fxg6 15. 0-0 Rad8 16. Qe2 e5 17. dxc5 bxc5 18. e4 d4 19. cxd4 cxd4 20. Qc4+ Kh8 21. Rac1 Rc8 22. a3 h6 23. Qd3 Rb8 24. b4 Nd8 25. Rc5 Ne6 26. Rd5 Qc7 27. Ne2 g5 28. Rc1 Qf7 29. Rxe5 Qxf2+ 30. Kh1 Rbc8 31. Rg1 Nf4 32. Nxf4 gxf4 33. Rc5 Rxc5 34. bxc5 f3 35. c6 fxg2+ 36. Rxg2 Qf6 37. Rc2 Rc8 38. c7 Qf4 39. Qxd4 Qf1+ 40. Qg1 Qf3+ 41. Rg2 Rxc7 42. Qb1 Rd7 43. Qb8+ Kh7 44. h4 Qh3+ 45. Qh2 Qxa3 46. Qf4 Qh3+ 47. Kg1 Rd1+ 48. Kf2 Qd7 49. Kg3 Rd3+ 50. Kh2 Rh3+ 51. Kg1 Qd1+ 52. Kf2 Qd4+ 53. Kf1 Rh1+ 54. Ke2 Qd1+ 55. Ke3 Re1+ 0-1

[Event "Brno Trade op"]
[Site "Brno"]
[Date "2021.09.01"]
[Round "5"]
[White "Sipek, Michal"]
[Black "Blazek, Pavel"]
[Result "1-0"]
[WhiteElo "2021"]
[BlackElo "1728"]
[PlyCount "45"]
[EventDate "2021.08.29"]
[EventType "swiss"]
[EventRounds "9"]
[EventCountry "CZE"]
[SourceTitle "CBM 204 Extra"]
[Source "ChessBase"]
[SourceDate "2021.11.30"]
[SourceVersion "1"]
[SourceVersionDate "2021.11.30"]
[SourceQuality "1"]

1. Nf3 Nc6 2. g3 e5 3. d3 d5 4. Bg2 Nf6 5. 0-0 Be7 6. c4 d4 7. Na3 Bxa3 8. bxa3 Nd7 9. e3 dxe3 10. fxe3 e4 11. Nd4 Nf6 12. Nxc6 bxc6 13. Bb2 Ng4 14. Bxe4 Nxe3 15. Bxc6+ Kf8 16. Qf3 Nxf1 17. Rxf1 Qe7 18. Bxa8 Bh3 19. Rd1 h5 20. Qf2 h4 21. Re1 hxg3 22. Bxg7+ Kg8 23. Qxg3 1-0

[Event "Brno Trade op"]
[Site "Brno"]
[Date "2021.08.31"]
[Round "4"]
[White "Blazek, Pavel"]
[Black "Rehurek, Karel"]
[Result "1/2-1/2"]
[WhiteElo "1728"]
[BlackElo "1798"]
[PlyCount "130"]
[EventDate "2021.08.29"]
[EventType "swiss"]
[EventRounds "9"]
[EventCountry "CZE"]
[SourceTitle "CBM 204 Extra"]
[Source "ChessBase"]
[SourceDate "2021.11.30"]
[SourceVersion "1"]
[SourceVersionDate "2021.11.30"]
[SourceQuality "1"]

1. e4 e5 2. Nf3 Nc6 3. Bc4 Nf6 4. d3 Bc5 5. Nc3 d6 6. Be3 Bb6 7. Nd5 Nxd5 8. Bxd5 Ne7 9. Bb3 Bg4 10. Bxb6 axb6 11. Bxf7+ Kxf7 12. Ng5+ Kg8 13. Qxg4 Qc8 14. Qxc8+ Rxc8 15. 0-0 h6 16. Nh3 Ng6 17. f4 exf4 18. Nxf4 Nxf4 19. Rxf4 Rf8 20. Raf1 Rxf4 21. Rxf4 g6 22. Kf2 Kg7 23. Ke3 Ra8 24. a3 Ra5 25. Rf2 Rb5 26. b4 Re5 27. d4 Re8 28. c4 Re7 29. a4 Re8 30. d5 Ra8 31. Ra2 Kf6 32. Kd4 c5+ 33. dxc6 bxc6 34. a5 bxa5 35. Rxa5 Rc8 36. b5 cxb5 37. cxb5 Rc5 38. Ra6 Rxb5 39. Rxd6+ Kf7 40. Ke3 Rb2 41. Rd2 Rb1 42. Kf4 Ke6 43. Ra2 Rb5 44. Ra6+ Kf7 45. h4 Rc5 46. g4 Rb5 47. g5 h5 48. Ra7+ Kf8 49. Rd7 Ra5 50. Rd5 Ra4 51. Ke5 Ke7 52. Rb5 Ra7 53. Rb6 Ra5+ 54. Kf4 Kf7 55. Rf6+ Kg7 56. e5 Ra4+ 57. Kg3 Ra3+ 58. Rf3 Ra6 59. Re3 Kf7 60. Kf4 Ke6 61. Kg3 Kf5 62. e6 Rxe6 63. Rxe6 Kxe6 64. Kf4 Kd5 65. Kf3 Ke5 1/2-1/2

[Event "Olomouc Summer op 20th"]
[Site "Olomouc"]
[Date "2017.08.12"]
[Round "1"]
[White "Blazek, Pavel"]
[Black "Lushnikov, Evgeny"]
[Result "0-1"]
[WhiteElo "1749"]
[BlackElo "2121"]
[PlyCount "64"]
[EventDate "2017.08.12"]
[EventType "swiss"]
[EventRounds "9"]
[EventCountry "CZE"]
[SourceTitle "CBM 180 Extra"]
[Source "ChessBase"]
[SourceDate "2017.10.06"]
[SourceVersion "1"]
[SourceVersionDate "2017.10.06"]
[SourceQuality "1"]

1. e4 c5 2. Nf3 Nc6 3. d4 cxd4 4. Nxd4 Nf6 5. Nc3 e5 6. Ndb5 d6 7. Nd5 Nxd5 8. exd5 Nb8 9. c4 Be7 10. Be2 0-0 11. 0-0 Nd7 12. Be3 a6 13. Nc3 f5 14. f4 Bf6 15. Qd2 exf4 16. Bxf4 Ne5 17. Rac1 Bd7 18. b4 Rc8 19. Kh1 g5 20. Bxe5 Bxe5 21. Nd1 Qf6 22. Rf3 g4 23. Rb3 f4 24. c5 g3 25. Rc4 Qh4 26. Rxg3+ Kh8 27. Ra3 Rf6 28. c6 bxc6 29. dxc6 Rxc6 30. Rxc6 f3 31. h3 Qg3 32. Rxf3 Qh2# 0-1

[Event "Brno Duras op"]
[Site "Brno"]
[Date "2016.07.03"]
[Round "9"]
[White "Blazek, Pavel"]
[Black "Hrdlicka, Vladan"]
[Result "0-1"]
[WhiteElo "1771"]
[BlackElo "1808"]
[PlyCount "112"]
[EventDate "2016.06.25"]
[EventType "swiss"]
[EventRounds "9"]
[EventCountry "CZE"]
[SourceTitle "CBM 173 Extra"]
[Source "ChessBase"]
[SourceDate "2016.08.29"]
[SourceVersion "1"]
[SourceVersionDate "2016.08.29"]
[SourceQuality "1"]

1. e4 e6 2. d4 d5 3. exd5 exd5 4. Bd3 Nc6 5. c3 Nf6 6. Bf4 Bd6 7. Qe2+ Be6 8. Bxd6 Qxd6 9. Nf3 0-0 10. Ne5 Rae8 11. 0-0 Re7 12. f4 Rfe8 13. Nd2 Bc8 14. Ndf3 Bg4 15. Qc2 Bxf3 16. Rxf3 Nd8 17. Rh3 g6 18. Qf2 Ne4 19. Qh4 f5 20. Rf1 Rf8 21. Rff3 Qf6 22. Qh6 Qg7 23. Qh4 Ne6 24. Re3 c5 25. Nf3 cxd4 26. Nxd4 Nxd4 27. cxd4 Rc7 28. Bxe4 Rc1+ 29. Kf2 dxe4 30. Kg3 Rd1 31. Rb3 Rxd4 32. Kf2 Rc8 33. Rbc3 Rcd8 34. Rc1 Qd7 35. Qf6 Rd2+ 36. Kg3 Qg7 37. Qe6+ Kh8 38. Qe5 Qxe5 39. fxe5 R2d3+ 40. Kh4 Rxh3+ 41. Kxh3 Rd7 42. Kg3 Kg7 43. Kf4 Kf7 44. Rc2 Ke6 45. g4 g5+ 46. Kxg5 Rg7+ 47. Kh6 Rxg4 48. Kxh7 Kxe5 49. Kh6 e3 50. Kh5 Re4 51. Rc5+ Kf4 52. Rc1 e2 53. Re1 Ke3 54. h4 Rg4 55. Rh1 Kf2 56. Rh2+ Kf1 0-1

[Event "Brno Duras op"]
[Site "Brno"]
[Date "2016.07.02"]
[Round "8"]
[White "Klausner, Felix"]
[Black "Blazek, Pavel"]
[Result "0-1"]
[WhiteElo "1718"]
[BlackElo "1771"]
[PlyCount "22"]
[EventDate "2016.06.25"]
[EventType "swiss"]
[EventRounds "9"]
[EventCountry "CZE"]
[SourceTitle "CBM 173 Extra"]
[Source "ChessBase"]
[SourceDate "2016.08.29"]
[SourceVersion "1"]
[SourceVersionDate "2016.08.29"]
[SourceQuality "1"]

1. e4 e5 2. Nf3 Nc6 3. d4 exd4 4. Nxd4 Bc5 5. Be3 Qf6 6. c3 Nge7 7. Bc4 Ne5 8. Be2 Qg6 9. 0-0 d5 10. Nb5 Bh3 11. g3 Qxe4 0-1

[Event "Brno Duras op"]
[Site "Brno"]
[Date "2016.06.30"]
[Round "6"]
[White "Glacner, Karel"]
[Black "Blazek, Pavel"]
[Result "1-0"]
[WhiteElo "1531"]
[BlackElo "1771"]
[PlyCount "119"]
[EventDate "2016.06.25"]
[EventType "swiss"]
[EventRounds "9"]
[EventCountry "CZE"]
[SourceTitle "CBM 173 Extra"]
[Source "ChessBase"]
[SourceDate "2016.08.29"]
[SourceVersion "1"]
[SourceVersionDate "2016.08.29"]
[SourceQuality "1"]

1. e4 d6 2. d4 Nf6 3. Nc3 c6 4. Bc4 Qa5 5. Bd2 Qb6 6. Nge2 e5 7. d5 Be7 8. Na4 Qc7 9. Nac3 0-0 10. h3 Nbd7 11. Bg5 Nb6 12. Bb3 Nfxd5 13. Nxd5 Nxd5 14. Bxe7 Nxe7 15. c4 Be6 16. Nc3 Rad8 17. 0-0 Kh8 18. Qf3 f5 19. Qe3 f4 20. Qf3 Rf6 21. Rad1 Ng6 22. Rd3 Nh4 23. Qd1 Rg6 24. g4 f3 25. c5 Bxb3 26. axb3 Qd7 27. Kh2 h5 28. Rg1 hxg4 29. Rxd6 Rxd6 30. Qxd6 Qxd6 31. cxd6 Rxd6 32. hxg4 Rd2 33. Na4 g5 34. Kg3 b6 35. Rb1 Rd3 36. Nc3 Rd2 37. Na4 Kg7 38. Rc1 b5 39. Nc5 Kf7 40. Ra1 Ke8 41. Rxa7 Rd1 42. Rg7 Rg1+ 43. Kh3 Rh1+ 44. Kg3 Rg1+ 45. Kh2 Rg2+ 46. Kh3 Rxf2 47. Rxg5 Ng2 48. Kg3 Rf1 49. Rxe5+ Kd8 50. Rf5 Ne1 51. g5 Rg1+ 52. Kf2 Rg2+ 53. Kxe1 Ke7 54. Rxf3 Rxg5 55. b4 Kd6 56. Rf6+ Ke7 57. Re6+ Kf7 58. Rxc6 Rg2 59. b3 Rc2 60. Rb6 1-0

[Event "Brno op"]
[Site "Brno"]
[Date "2015.08.24"]
[Round "3"]
[White "Blazek, Pavel"]
[Black "Musil, Jiri"]
[Result "0-1"]
[WhiteElo "1769"]
[BlackElo "2122"]
[PlyCount "108"]
[EventDate "2015.08.23"]
[EventType "swiss"]
[EventRounds "9"]
[EventCountry "CZE"]
[SourceTitle "EXT 2016"]
[Source "ChessBase"]
[SourceDate "2015.10.08"]
[SourceVersion "1"]
[SourceVersionDate "2015.10.08"]
[SourceQuality "1"]

1. e4 c5 2. Nf3 d6 3. d4 cxd4 4. Nxd4 Nf6 5. Nc3 a6 6. Bg5 e6 7. f4 b5 8. Qf3 Bb7 9. Bd3 Qb6 10. Bxf6 gxf6 11. Qe3 Rg8 12. Rg1 Nc6 13. Nce2 Nb4 14. Qh3 Qa5 15. Nc3 Rg7 16. Nb3 Qb6 17. 0-0-0 Nxd3+ 18. Qxd3 b4 19. Ne2 d5 20. exd5 Bxd5 21. g3 f5 22. Rge1 Be7 23. Ned4 Be4 24. Qe2 Rc8 25. Rd2 a5 26. Qb5+ Qxb5 27. Nxb5 a4 28. N3d4 h5 29. Ne2 h4 30. Red1 Bd5 31. Kb1 hxg3 32. Nxg3 Rc5 33. Nxf5 Bxa2+ 34. Kxa2 Rxf5 35. Nd6+ Bxd6 36. Rxd6 Rxf4 37. Ra6 Rg2 38. Rxa4 Rxc2 39. Kb3 Rxh2 40. Ra8+ Ke7 41. Ra7+ Kf6 42. Rdd7 Kg6 43. Rdb7 e5 44. Ra4 Rh3+ 45. Ka2 b3+ 46. Ka3 Rxa4+ 47. Kxa4 f5 48. Rb6+ Kf7 49. Rb7+ Ke6 50. Rb6+ Kd7 51. Rb5 Re3 52. Rd5+ Kc6 53. Rd8 f4 54. Rc8+ Kd7 0-1

[Event "Brno op"]
[Site "Brno"]
[Date "2015.08.23"]
[Round "1"]
[White "Blazek, Pavel"]
[Black "Novosadova, Kristyna"]
[Result "0-1"]
[WhiteElo "1769"]
[BlackElo "2226"]
[PlyCount "48"]
[EventDate "2015.08.23"]
[EventType "swiss"]
[EventRounds "9"]
[EventCountry "CZE"]
[SourceTitle "EXT 2016"]
[Source "ChessBase"]
[SourceDate "2015.10.08"]
[SourceVersion "1"]
[SourceVersionDate "2015.10.08"]
[SourceQuality "1"]

1. e4 e5 2. Nc3 Nf6 3. f4 d5 4. fxe5 Nxe4 5. d3 Nxc3 6. bxc3 d4 7. Nf3 dxc3 8. Be2 Be7 9. 0-0 0-0 10. Qe1 Nc6 11. Qg3 Re8 12. Bh6 Bf8 13. Rae1 Nxe5 14. Nxe5 Qd4+ 15. Kh1 Rxe5 16. Rf4 Qd6 17. d4 Rxe2 18. Rxe2 Qxh6 19. Re8 b6 20. Rh4 Qc1+ 21. Re1 Qd2 22. Qe5 Bb7 23. Rg4 Bc6 24. Rg3 Re8 0-1

[Event "Brno Duras op"]
[Site "Brno"]
[Date "2015.07.04"]
[Round "8"]
[White "Eichler, Bretislav"]
[Black "Blazek, Pavel"]
[Result "0-1"]
[WhiteElo "1716"]
[BlackElo "1794"]
[PlyCount "96"]
[EventDate "2015.06.27"]
[EventType "swiss"]
[EventRounds "9"]
[EventCountry "CZE"]
[SourceTitle "CBM 167 Extra"]
[Source "ChessBase"]
[SourceDate "2015.09.14"]
[SourceVersion "1"]
[SourceVersionDate "2015.09.14"]
[SourceQuality "1"]

1. d4 d5 2. Nf3 Nf6 3. Bf4 c5 4. c3 Qb6 5. Qb3 Nc6 6. e3 c4 7. Qxb6 axb6 8. h3 Bf5 9. Nbd2 e6 10. Be2 b5 11. Nh4 Be4 12. 0-0 Be7 13. Nxe4 Nxe4 14. Nf3 0-0 15. a3 f6 16. Bd1 Ra7 17. Bc2 f5 18. Rad1 g5 19. Bh2 Rfa8 20. Bxe4 fxe4 21. Nd2 Rf8 22. f3 exf3 23. gxf3 Raa8 24. Rde1 Bf6 25. Re2 Rf7 26. Rg2 Rg7 27. Kf2 e5 28. Rfg1 exd4 29. exd4 Nxd4 30. f4 Ne6 31. Re1 Nxf4 32. Bxf4 gxf4 33. Rxg7+ Kxg7 34. Kf3 Kf7 35. Kxf4 d4 36. Ne4 dxc3 37. bxc3 Rxa3 38. Nd6+ Kf8 39. Re8+ Kg7 40. Nxb5 Rb3 41. Nd6 Rxc3 42. Rb8 Rxh3 43. Rxb7+ Kg6 44. Ne4 Rh4+ 45. Kf3 Be5 46. Rb6+ Kf5 47. Nf2 Rf4+ 48. Ke2 Rxf2+ 0-1

[Event "Brno CEZ op"]
[Site "Brno"]
[Date "2014.08.26"]
[Round "4"]
[White "Hyll, Jan"]
[Black "Blazek, Pavel"]
[Result "0-1"]
[WhiteElo "1932"]
[BlackElo "1770"]
[PlyCount "121"]
[EventDate "2014.08.24"]
[EventType "swiss"]
[EventRounds "9"]
[EventCountry "CZE"]
[SourceTitle "CBM 162 Extra"]
[Source "ChessBase"]
[SourceDate "2014.10.17"]
[SourceVersion "1"]
[SourceVersionDate "2014.10.17"]
[SourceQuality "1"]

1. e4 e5 2. Nf3 Nc6 3. Nc3 Nf6 4. d4 exd4 5. Nd5 Be7 6. Bf4 d6 7. Nxd4 Nxd5 8. exd5 Nxd4 9. Qxd4 Bf6 10. Qe3+ Qe7 11. Bb5+ Bd7 12. Bxd7+ Kxd7 13. Qxe7+ Kxe7 14. c3 Rhe8 15. Kd2 Kd7 16. Rae1 a6 17. Kd3 Rxe1 18. Rxe1 Re8 19. Be3 Bg5 20. Re2 Bxe3 21. fxe3 Re5 22. Kd4 c5+ 23. dxc6+ bxc6 24. e4 f5 25. Kd3 fxe4+ 26. Rxe4 Rxe4 27. Kxe4 Ke6 28. b4 d5+ 29. Kd4 Kd6 30. c4 dxc4 31. Kxc4 g5 32. a4 h6 33. Kd4 h5 34. a5 g4 35. g3 Kd7 36. Ke5 Ke7 37. Kf5 Kd6 38. Kg5 Kd5 39. Kxh5 Kc4 40. Kxg4 Kxb4 41. h4 c5 42. Kf3 c4 43. Ke2 Kb3 44. h5 c3 45. h6 c2 46. h7 c1Q 47. h8Q Qc2+ 48. Kf3 Qf5+ 49. Ke3 Qxa5 50. Qg8+ Kb4 51. Qg4+ Ka3 52. Qd4 Qe1+ 53. Kf3 Qf1+ 54. Kg4 a5 55. Qc3+ Ka4 56. Kg5 Qb5+ 57. Kh4 Qb4+ 58. Qxb4+ axb4 59. g4 b3 60. g5 b2 61. g6 0-1

[Event "Brno Duras op-A"]
[Site "Brno"]
[Date "2014.06.29"]
[Round "2"]
[White "Josko, Jiri"]
[Black "Blazek, Pavel"]
[Result "1-0"]
[WhiteElo "1670"]
[BlackElo "1795"]
[PlyCount "37"]
[EventDate "2014.06.28"]
[EventType "swiss"]
[EventRounds "9"]
[EventCountry "CZE"]
[SourceTitle "CBM 161 Extra"]
[Source "ChessBase"]
[SourceDate "2014.08.29"]
[SourceVersion "1"]
[SourceVersionDate "2014.08.29"]
[SourceQuality "1"]

1. e4 e5 2. Nc3 Nf6 3. f4 d5 4. fxe5 Nxe4 5. Nf3 Nc6 6. Bb5 Be7 7. 0-0 0-0 8. Bxc6 bxc6 9. d4 Nxc3 10. bxc3 Rb8 11. Be3 Ba6 12. Rf2 Ba3 13. Ng5 h6 14. Nh3 Bb2 15. Bxh6 gxh6 16. Qg4+ Kh7 17. Rf6 Bxa1 18. Ng5+ hxg5 19. Qh5+ 1-0

[Event "Brno Duras op-A"]
[Site "Brno"]
[Date "2013.06.27"]
[Round "6"]
[White "Zuziak, Petr"]
[Black "Blazek, Pavel"]
[Result "1-0"]
[WhiteElo "1628"]
[BlackElo "1857"]
[PlyCount "133"]
[EventDate "2013.06.22"]
[EventType "swiss"]
[EventRounds "9"]
[EventCountry "CZE"]
[SourceTitle "CBM 155 Extra"]
[Source "ChessBase"]
[SourceDate "2013.08.26"]
[SourceVersion "1"]
[SourceVersionDate "2013.08.26"]
[SourceQuality "1"]

1. e4 e5 2. Nf3 Nc6 3. Bb5 a6 4. Ba4 Nf6 5. d3 d6 6. c4 Be7 7. h3 0-0 8. Nc3 Ne8 9. 0-0 f5 10. Nd5 f4 11. Bxc6 bxc6 12. Nxe7+ Qxe7 13. d4 exd4 14. Qxd4 Nf6 15. e5 Nh5 16. Re1 Bf5 17. exd6 Qxd6 18. Bd2 Qxd4 19. Nxd4 Rad8 20. Bc3 c5 21. Nc6 Ra8 22. Re5 Bg6 23. Ne7+ Kf7 24. Nxg6 hxg6 25. Rxc5 Rfc8 26. Rd1 Nf6 27. Bxf6 Kxf6 28. Rc6+ Ke7 29. Rxg6 Kf7 30. Rg4 Rd8 31. Rxf4+ Kg6 32. Rfd4 Re8 33. Kf1 a5 34. Rd7 Rac8 35. R1d5 c5 36. R7d6+ Kh7 37. Ra6 Re4 38. b3 Rce8 39. Rd1 Re2 40. Rxa5 Rb2 41. Rxc5 Rf8 42. f3 Rxa2 43. Re1 Rd8 44. Rd5 Rb8 45. Rb5 Rd8 46. Rbe5 Rb8 47. R5e3 Rb2 48. R1e2 R2xb3 49. Rxb3 Rxb3 50. Rc2 Rb7 51. Kf2 Rc7 52. c5 Kg6 53. c6 Kf6 54. f4 g5 55. Kf3 gxf4 56. Kxf4 Ke6 57. g4 Rf7+ 58. Kg3 Rc7 59. h4 Kf6 60. Rc5 Kg6 61. h5+ Kh6 62. Kh4 Kh7 63. g5 Kg7 64. Kg4 Kh7 65. Kf5 Kg7 66. Ke6 Kf8 67. Kd6 1-0

[Event "Brno Duras op-A"]
[Site "Brno"]
[Date "2013.06.24"]
[Round "3"]
[White "Blazek, Pavel"]
[Black "Halbrstat, Petr"]
[Result "1-0"]
[WhiteElo "1857"]
[BlackElo "1451"]
[PlyCount "47"]
[EventDate "2013.06.22"]
[EventType "swiss"]
[EventRounds "9"]
[EventCountry "CZE"]
[SourceTitle "CBM 155 Extra"]
[Source "ChessBase"]
[SourceDate "2013.08.26"]
[SourceVersion "1"]
[SourceVersionDate "2013.08.26"]
[SourceQuality "1"]

1. Nc3 d5 2. e4 d4 3. Nce2 e5 4. Ng3 Nf6 5. Bc4 b6 6. Nf3 Nbd7 7. Ng5 Nc5 8. Nxf7 Qe7 9. Nxh8 Be6 10. Qe2 g6 11. Bb5+ Bd7 12. Bxd7+ Qxd7 13. d3 Bg7 14. Nxg6 hxg6 15. f4 Qb5 16. f5 0-0-0 17. fxg6 Rh8 18. Nf5 Qd7 19. h4 Nh5 20. g4 Nf4 21. Bxf4 exf4 22. g5 Ne6 23. Qg4 Qc6 24. Ne7+ 1-0

[Event "Brno Duras op-A"]
[Site "Brno"]
[Date "2013.06.23"]
[Round "2"]
[White "Glacner, Karel"]
[Black "Blazek, Pavel"]
[Result "1/2-1/2"]
[WhiteElo "1575"]
[BlackElo "1857"]
[PlyCount "91"]
[EventDate "2013.06.22"]
[EventType "swiss"]
[EventRounds "9"]
[EventCountry "CZE"]
[SourceTitle "CBM 155 Extra"]
[Source "ChessBase"]
[SourceDate "2013.08.26"]
[SourceVersion "1"]
[SourceVersionDate "2013.08.26"]
[SourceQuality "1"]

1. d4 Nf6 2. c4 e6 3. Nc3 d5 4. Bg5 Nbd7 5. cxd5 exd5 6. Nxd5 Nxd5 7. Bxd8 Bb4+ 8. Qd2 Bxd2+ 9. Kxd2 Kxd8 10. e4 N5b6 11. a4 a5 12. Bd3 Nf6 13. h3 h6 14. g4 Re8 15. f3 Re7 16. Ne2 Ke8 17. Rac1 Nxa4 18. Rc2 c6 19. h4 Ng8 20. Rhc1 Kd8 21. Ra1 Nb6 22. Nf4 g5 23. Ng2 Be6 24. hxg5 hxg5 25. Rc5 f6 26. Raxa5 Rxa5 27. Rxa5 Nc4+ 28. Bxc4 Bxc4 29. Ra8+ Kd7 30. Ne3 Bb5 31. Rxg8 Rh7 32. Rg6 Ke7 33. Nf5+ Ke6 34. Rh6 Rxh6 35. Nxh6 Ba4 36. Nf5 Bb3 37. Ng3 Kd6 38. Ne2 Bc4 39. Nc1 Be6 40. Kc3 Bc8 41. Nd3 b6 42. e5+ fxe5 43. Nxe5 Be6 44. Kd3 Bd5 45. Ke3 c5 46. Nd3 1/2-1/2

[Event "Brno Duras op-A"]
[Site "Brno"]
[Date "2013.06.22"]
[Round "1"]
[White "Blazek, Pavel"]
[Black "Dvorak, Adam"]
[Result "0-1"]
[WhiteElo "1857"]
[BlackElo "2056"]
[PlyCount "64"]
[EventDate "2013.06.22"]
[EventType "swiss"]
[EventRounds "9"]
[EventCountry "CZE"]
[SourceTitle "CBM 155 Extra"]
[Source "ChessBase"]
[SourceDate "2013.08.26"]
[SourceVersion "1"]
[SourceVersionDate "2013.08.26"]
[SourceQuality "1"]

1. Nc3 c5 2. e4 e6 3. f4 Nc6 4. Nf3 a6 5. a4 d5 6. d3 Be7 7. e5 Nh6 8. Be2 0-0 9. 0-0 Qc7 10. Qe1 b6 11. Nd1 Bb7 12. Be3 f6 13. exf6 Bxf6 14. Ng5 Nd4 15. Bxd4 Bxd4+ 16. Kh1 Rae8 17. c3 Bf6 18. Qg3 e5 19. f5 Bxg5 20. Qxg5 Rf6 21. Ne3 d4 22. Ng4 Nxg4 23. Bxg4 c4 24. dxc4 d3 25. Bf3 e4 26. Rfe1 Qd7 27. Bh5 d2 28. Bxe8 dxe1R+ 29. Rxe1 Qxe8 30. b3 Qe5 31. Rd1 Qxf5 32. Rd8+ Kf7 0-1

[Event "Brno Duras BVK op-B"]
[Site "Brno"]
[Date "2003.07.02"]
[Round "5"]
[White "Vrzal, Tomas"]
[Black "Blazek, Pavel"]
[Result "1/2-1/2"]
[WhiteElo "1685"]
[BlackElo "1821"]
[PlyCount "54"]
[EventDate "2003.06.28"]
[EventType "swiss"]
[EventRounds "9"]
[EventCountry "CZE"]
[SourceTitle "EXT 2006"]
[Source "ChessBase"]
[SourceDate "2005.11.24"]
[SourceVersion "1"]
[SourceVersionDate "2005.11.24"]
[SourceQuality "1"]

1. e4 e5 2. Nf3 Nc6 3. Bb5 a6 4. Bxc6 dxc6 5. 0-0 Bg4 6. h3 h5 7. d3 Qf6 8. Nbd2 Ne7 9. Re1 Ng6 10. Nf1 Bxf3 11. Qxf3 Qxf3 12. gxf3 Nh4 13. Nh2 Ng6 14. Kf1 0-0-0 15. Ke2 Be7 16. Be3 Rd7 17. Rg1 Rhd8 18. Nf1 c5 19. Ng3 c4 20. dxc4 Nf4+ 21. Bxf4 exf4 22. Nf1 g6 23. b3 Bf6 24. Rc1 Bc3 25. Rg5 c6 26. a4 Rd6 27. Rg2 R6d7 1/2-1/2